BSOP header

有果效的福音對話 You gou xiao de fu yin dui hua = How to listen and speak so you can be heard {ch} / (Record no. 29152)

MARC details
000 -LEADER
fixed length control field 01366nam a22002057a 4500
008 - FIXED-LENGTH DATA ELEMENTS--GENERAL INFORMATION
fixed length control field 121204b ||||| |||| 00| 0 chi d
020 ## - INTERNATIONAL STANDARD BOOK NUMBER
International Standard Book Number 9789866521188
020 ## - INTERNATIONAL STANDARD BOOK NUMBER
International Standard Book Number 9866521184
100 ## - MAIN ENTRY--PERSONAL NAME
Personal name 諾曼·賈斯勒 Geisler, Norman
245 ## - TITLE STATEMENT
Title 有果效的福音對話 You gou xiao de fu yin dui hua = How to listen and speak so you can be heard {ch} /
Statement of responsibility, etc 諾曼·賈斯勒, 大衛·賈斯勒 Norman,Geisler, David Geisler
260 ## - PUBLICATION, DISTRIBUTION, ETC. (IMPRINT)
Place of publication, distribution, etc 台湾 Taiwan. :
Name of publisher, distributor, etc 中国学园传道会出版部,
Date of publication, distribution, etc 2011.
300 ## - PHYSICAL DESCRIPTION
Extent 294 p. ;
Dimensions 21 cm.
500 ## - GENERAL NOTE
General note Translation of : Conversational evangelism / Norman Geisler, David Geisler ; Eugene, Or. : Harvest House Publishers, c2009. Includes bibliographical references.
504 ## - BIBLIOGRAPHY, ETC. NOTE
Bibliography, etc Includes bibliographical references.
505 ## - FORMATTED CONTENTS NOTE
Formatted contents note English contents : The need for pre-evangelismin a postmodern world -- Introduction to conversational evangelism -- Learning the role of the musician -- Learning the role of the artist -- Learning the role of the archeologist -- Learning the role of the builder -- The art of asking questions of people with different worldviews -- The art of answering objections while moving forward -- Countering coming misconceptions that affect evangelism.
650 ## - SUBJECT ADDED ENTRY--TOPICAL TERM
Topical term or geographic name as entry element Evangelistic work {ch}.
700 ## - ADDED ENTRY--PERSONAL NAME
Personal name 大衛·賈斯勒 Geisler, David
700 ## - ADDED ENTRY--PERSONAL NAME
Personal name 柯美玲. Ke, Meiling.
942 ## - ADDED ENTRY ELEMENTS (KOHA)
Source of classification or shelving scheme Library of Congress Classification
Item type Books
Koha issues (borrowed), all copies 3
Holdings
Withdrawn status Lost status Source of classification or shelving scheme Damaged status Not for loan Home library Current library Shelving location Date acquired Source of acquisition Cost, normal purchase price Accession number Total Checkouts Full call number Barcode Date last seen Date last borrowed Copy number Price effective from Koha item type
    Library of Congress Classification     BSOP Library BSOP Library Chinese Books (General Circulation) 12/18/2012 Hua Xuan 405.32 C-11327 3 BV3790 G27c 2011 00041774 04/23/2019 04/04/2019 c.2 02/23/2013 Books
BSOP

Biblical Seminary of the Philippines
  All rights Reserved
  © 2024

CONTACT INFORMATION

Biblical Seminary of the Philippines,
  77-B Karuhatan Road, Valenzuela City,
  PHILIPPINES 1441
  Phone: +632 8292-6795 / 8292-6798
  Fax : +632 8292-6675
  Email: library@bsop.edu.ph